Volkswagen Automarken - Statistiken

Allgemein
  • Dieses Quiz wurde 450 mal gespielt
    395 seit der letzten Aktualisierung
  • Das Durchschnittsergebnis liegt bei 8 aus 11
Antwortstatistiken
Art Marke % Korrekt
Premium Audi
87%
Volumen Volkswagen
86%
Volkswagen Nutzfahrzeuge
86%
Sport Porsche
80%
ŠKODA
80%
LKW MAN
79%
SEAT
77%
Lamborghini
70%
Bentley
44%
CUPRA
40%
Ducati
24%
Keine übereinstimmenden Quizze gefunden
Verteilung der Resultate
Anzahl Personen mit jedem Resultat
Perzentil nach korrekt beantworteten Fragen
Ihre Resultats-Entwicklung
Sie haben dieses Quiz seit der letzten Aktualisierung nicht gespielt